| 000 | 02319nam0a2200433 i 4500 | ||
|---|---|---|---|
| 001 | RU\NLR\BIBL_A\011117606 | ||
| 005 | 20260408073601.0 | ||
| 021 |
_aRU _b2016-26105 _91665 |
||
| 029 | 1 | 0 |
_aRU _b56638-2015 _cГОСТ Р |
| 035 | _a(NILC)RuMoRGB-008234278 | ||
| 035 | _a(NLR Aleph) 011117606 | ||
| 090 |
_a11501281 _c11501281 |
||
| 100 | _a20160429d2016 k y0rusy50 ca | ||
| 101 | 0 | _arus | |
| 102 | _aRU | ||
| 105 | _aa l 00 y | ||
| 200 | 1 |
_aЧистые помещения _iВентиляция и кондиционирование воздуха _eобщие требования _dClean rooms. Ventilation and air conditioning. General requirements _zeng _eГОСТ Р 56638-2015 _fразраб. Инвар-проект (ООО "Инвар-проект") |
|
| 205 | _aИзд. офиц. | ||
| 210 |
_aМосква _cСтандартинформ _d2016 |
||
| 215 |
_aIV, 23 c. _cил. _d29 |
||
| 225 | 1 |
_aНациональный стандарт Российской Федерации _fФедер. агентство по техн. регулированию и метрологии |
|
| 239 | _aВвед. 01.12.2016 | ||
| 320 | _aБиблиогр.: с. 22 (1 назв.) | ||
| 510 | 1 |
_aClean rooms _zeng |
|
| 510 | 1 |
_aVentilation and air conditioning _egeneral requirements _zeng |
|
| 517 | 1 | _aГОСТ Р 56638-2015 | |
| 606 | 1 |
_aПроизводственные помещения чистые _jСтандарты _xКондиционирование воздуха _92307222 _3RU\NLR\AUTH\6601607022 |
|
| 606 | 1 |
_aПроизводственные помещения чистые _jСтандарты _xВентиляция _92307220 _3RU\NLR\AUTH\6601607021 |
|
| 675 | _a543.275.083:628.511:006.354 | ||
| 686 |
_a19.020 _v2000 _2oks |
||
| 686 |
_a13.040.01 _v2000 _2oks |
||
| 686 | 1 | _aН762.22я861 | |
| 686 | 1 | _aН762.32я861 | |
| 712 | 0 | 1 |
_4725 _aРоссийская Федерация _bФедеральное агентство по техническому регулированию и метрологии _9630205 _3RU\NLR\AUTH\8810064304 |
| 712 | 0 | 2 |
_4900 _a"Инвар-проект", общество с ограниченной ответственностью _cМосква _9541167 _3RU\NLR\AUTH\880438417 |
| 942 | _cBOOK | ||
| 980 | _aNBR | ||